000 00756nam a2200229Ii 4500
003 JO-AjNU
008 230605s9999||||xx |||||||||||||| ||und||
017 _a2001/13193
020 _a977-01-7397-0
040 _aJO-AjNU
_bara
_erda
_cJO-AjNU
041 _aara
050 1 4 _aPJ7510.Q33 2001
100 3 _aالقاضي، خالد القاضي,
_eauthor
_919116
245 0 0 _aمن روائعه الأدب القضائي
264 3 1 _aالقاهرة:مكتبة الأسرة،2001 ؛ مهرجان القراءة للجميع 2001
300 _a239ص
336 _atext
_btxt
_2rdacontent
337 _aunmediated
_bn
_2rdamedia
338 _avolume
_bnc
_2rdacarrier
490 0 _aالأعمال الخاصة
650 4 _aالأدب القضائي
_919117
999 _aA6241
_c9809
_d9809